000
00325nam a22001457a 4500
008
210304b ||||| |||| 00| 0 eng d
020
_a
978020516726515
041
_a
eng
080
_2
15th
_a
159.9
082
_a
159.9
100
_a
48
101
_a
PSI
245
_a
Abnormal Psychology
_c
Butcher, J. N
942
_2
udc
_c
BK
999
_c
55712
_d
55712